Su Doku : (Record no. 588234)

MARC details
000 -LEADER
fixed length control field 00469nam a2200193 a 4500
008 - FIXED-LENGTH DATA ELEMENTS--GENERAL INFORMATION
fixed length control field 250920s2007##################000#0#eng##
020 ## - INTERNATIONAL STANDARD BOOK NUMBER
ISBN 9780007250400
082 04 - DEWEY DECIMAL CLASSIFICATION NUMBER
Classification number 793.74
Item number TIM
100 1# - MAIN ENTRY--AUTHOR NAME
Personal name Games, The Times Mind,
245 10 - TITLE STATEMENT
Title Su Doku :
260 ## - PUBLICATION, DISTRIBUTION, ETC. (IMPRINT)
Name of publisher HarperCollins UK,
Year of publication 2007.
300 ## - PHYSICAL DESCRIPTION
Number of Pages 40 pages
650 #0 - SUBJECT ADDED ENTRY--TOPICAL TERM
Topical Term Games & Activities.
942 ## - ADDED ENTRY ELEMENTS (KOHA)
Koha item type English Books
Holdings
Withdrawn status Lost status Damaged status Not for loan Home library Current library Shelving location Date acquired Full call number Accession Number Price effective from Koha item type
        Anna Centenary Library Anna Centenary Library 6TH FLOOR, B WING 20.09.2025 793.74 TIM 486713 20.09.2025 English Books

Find us on the map